01253nam a2200325Ia 4500001000700000008004100007020001800048035001400066041000800080084001300088245011100101260009200212300003000304490004700334500007800381650003300459650001600492700004700508700004500555710008500600901000600685903000700691904000800698905003700706953003700743999001300780910000900793942001500802952011000817001486221003s1992 xx 000 0 spa d a84-7434-743-2 aCENDO_330 aspa aCD-00314 0aLegislación laboral y de empleo /cedición a cargo de Angel J. González Alvarez, Roberto Velázquez aMadrid :bCentro de Publicaciones, Ministerio de Trabajo y Seguridad Social,cD.L. 1992 aXXVII, 1585 p. ;c 26 cm aTextos legaleslRelaciones laborales ;v44 aIncluye anexo con las disposiciones publicadas hasta el 1 de mayo de 1992 0aLEGISLACION DEL TRABAJO9126 aESPAÑA99 aGONZALEZ ALVAREZ, Angel J.,eed. lit.9893 aVELAZQUEZ BOBES, Roberto,eed. lit.9894 aESPAÑAbMinisterio de Trabajo y Seguridad SocialbCentro de Publicaciones9582 a0 aNO a000 aESPAÑA^kLeyes, etc., Laborales d1995-11-16yMONOGRAFIAoCD-00314 c329d329 a1992 cMONOGRAFIA 00104070aCENDObCENDOd1995-11-16l0oCD-00314pCENDO_330r2022-10-05 00:00:00w2022-10-05yMONOGRAFIA